Τα BPMS ως τεχνολογία ενοποίησης των πληροφοριακών συστημάτων της επιχείρησης (Enterprise Application Integration) : θεωρία και μελέτη περίπτωσης : διπλωματική εργασία

Αποθηκεύτηκε σε:
Λεπτομέρειες βιβλιογραφικής εγγραφής
Κύριος συγγραφέας: Μπελιά, Δήμητρα Σ.
Συγγραφή απο Οργανισμό/Αρχή: Πανεπιστήμιο Αιγαίου Τμήμα Μηχανικών Οικονομίας και Διοίκησης - Τ.Μ.Ο.Δ. Σχολή Επιστημών της Διοίκησης
Άλλοι συγγραφείς: Καβασάλης, Πέτρος (Εισηγητής διατριβής)
Μορφή: Thesis Βιβλίο
Γλώσσα:Greek
Δημοσίευση: 2009
Θέματα:
Διαθέσιμο Online:http://hdl.handle.net/11610/8319
Ετικέτες: Προσθήκη ετικέτας
Δεν υπάρχουν, Καταχωρήστε ετικέτα πρώτοι!

MARC

LEADER 00000cam a2200000 i 4500
001 1/15012
008 110913s2009 gre d
035 |l 10110804 
040 |a GR-MY-UA  |b gre  |e aacr 
041 0 |a gre 
082 0 |a 658.4038011  |2 (22) 
100 1 |a Μπελιά, Δήμητρα Σ. 
245 1 3 |a Τα BPMS ως τεχνολογία ενοποίησης των πληροφοριακών συστημάτων της επιχείρησης (Enterprise Application Integration) :  |b θεωρία και μελέτη περίπτωσης : διπλωματική εργασία /  |c Δήμητρα Σ. Μπελιά ; επιβλέπων: Πέτρος Καβάσαλης 
260 |c 2009 
300 |a 176 σ.;  |b πίν.;  |c 30 εκ. 
502 |a Πτυχιακή εργασία – Πανεπιστήμιο Αιγαίου, Χίος, 2009. 
504 |a Περιλαμβάνει βιβλιογραφία 
650 0 0 |a Industrial management. 
650 0 0 |a Business planning. 
650 0 0 |a Process control. 
650 0 0 |a Business  |x Data processing. 
650 0 0 |a Dissertations, Academic  |z Greece. 
700 0 |a Καβασάλης, Πέτρος.  |4 ths 
710 1 |a Πανεπιστήμιο Αιγαίου Τμήμα Μηχανικών Οικονομίας και Διοίκησης - Τ.Μ.Ο.Δ.  |b Σχολή Επιστημών της Διοίκησης. 
852 |a INST  |b CHIOS  |c DIATR  |e 20110913  |h 658.4038011 ΜΠΕ  |p 005200032549  |q 005200032549  |t DIE  |y 23 
852 |a INST  |b CHIOS  |c DIATR  |e 20110913  |h 658.4038011 ΜΠΕ  |p 005200032550  |q 005200032550  |t DIE  |y 23 
856 |u http://hdl.handle.net/11610/8319 
901 |a BIBL2-2011-3 
909 |a Χ  |b 149786 
909 |a Χ  |b 149787 
924 |a Μπέλια  |b Δήμητρα Σ.  |y Χίος  |z 2009-11 
970 |a Παροικάκη  |b Βασιλική  |z 2011/09/13